Digital Business Analysis (Record no. 43508)

MARC details
000 -LEADER
fixed length control field 00852nam a22002895i 4500
001 - CONTROL NUMBER
control field 20742902
005 - DATE AND TIME OF LATEST TRANSACTION
control field 20250416171822.0
008 - FIXED-LENGTH DATA ELEMENTS--GENERAL INFORMATION
fixed length control field 181114s2019 nyu 000 0 eng
010 ## - LIBRARY OF CONGRESS CONTROL NUMBER
LC control number 2018964234
020 ## - INTERNATIONAL STANDARD BOOK NUMBER
International Standard Book Number 9783030057183
041 ## - LANGUAGE CODE
Language code of text/sound track or separate title eng
042 ## - AUTHENTICATION CODE
Authentication code pcc
082 ## - DEWEY DECIMAL CLASSIFICATION NUMBER
Classification number 004 MIL
100 ## - MAIN ENTRY--PERSONAL NAME
Author Milani, Fredrik
245 00 - TITLE STATEMENT
Title Digital Business Analysis
260 ## - PUBLICATION, DISTRIBUTION, ETC.
Place Switzerland
Publisher Springer International Publishing
Publication Year 2019
300 ## - PHYSICAL DESCRIPTION
Extent 429;. Pages : 24cm
650 ## - SUBJECT ADDED ENTRY--TOPICAL TERM
Subject Business Data processing; Information Technology ; Management.
942 ## - ADDED ENTRY ELEMENTS (KOHA)
Koha item type Books
263 ## - PROJECTED PUBLICATION DATE
Projected publication date 1903
264 #1 - PRODUCTION, PUBLICATION, DISTRIBUTION, MANUFACTURE, AND COPYRIGHT NOTICE
Place of production, publication, distribution, manufacture New York, NY :
Name of producer, publisher, distributor, manufacturer Springer Berlin Heidelberg,
Date of production, publication, distribution, manufacture, or copyright notice 2019.
336 ## - CONTENT TYPE
Content type term text
Content type code txt
Source rdacontent
337 ## - MEDIA TYPE
Media type term unmediated
Media type code n
Source rdamedia
338 ## - CARRIER TYPE
Carrier type term volume
Carrier type code nc
Source rdacarrier
906 ## - LOCAL DATA ELEMENT F, LDF (RLIN)
a 0
b ibc
c orignew
d 2
e epcn
f 20
g y-gencatlg
Holdings
Withdrawn status Lost status Source of classification or shelving scheme Damaged status Not for loan Home library Current library Shelving location Accession Date Vendor Price Bill number Full call number Barcode No Date last seen Discount Bill Date Koha item type Suggested By
    Dewey Decimal Classification     IMTN IMTN Rack 33-B 03/28/2025 Raghav Books Private Limited 8387.07 2374 658.8 MIL 33912 04/01/2025 33 02/14/2025 Books Anjali Sancheti (2024007)
Designed & Maintained by: LRC IMT Nagpur Contact: lrc@imtnag.ac.in© 2024. All Rights Reserved.